إلى حبيبتي : كيف تسيطر على حياتك العاطفية و تسعد شريك عمرك / (رقم التسجيلة. 110893)

تفاصيل مارك
000 -LEADER
fixed length control field 00614nam a22001697a 4500
005 - DATE AND TIME OF LATEST TRANSACTION
control field 20251108173726.0
008 - FIXED-LENGTH DATA ELEMENTS--GENERAL INFORMATION
fixed length control field 250721s2006 xx 000 0 ara d
082 14 - DEWEY DECIMAL CLASSIFICATION NUMBER
Classification number 306.8/شاذ
100 1# - MAIN ENTRY--PERSONAL NAME
Personal name الشاذلي، كريم
Relator term مؤلف
245 10 - TITLE STATEMENT
Title إلى حبيبتي : كيف تسيطر على حياتك العاطفية و تسعد شريك عمرك /
264 ## - PRODUCTION, PUBLICATION, DISTRIBUTION, MANUFACTURE, AND COPYRIGHT NOTICE
Name of producer, publisher, distributor, manufacturer دار أجيال للنشر و التوزيع،
Date of production, publication, distribution, manufacture, or copyright notice 2006.
300 ## - PHYSICAL DESCRIPTION
Extent 223 ص.
500 ## - GENERAL NOTE
General note لاحظ أن على غلاف الكتاب مكتوب الطبعة الثانية
650 17 - SUBJECT ADDED ENTRY--TOPICAL TERM
Topical term or geographic name as entry element الزواج
942 ## - ADDED ENTRY ELEMENTS (KOHA)
Source of classification or shelving scheme Dewey Decimal Classification
Koha item type كتب
المقتنيات
حالة السحب حالة الفقدان مصدر التصنيف حالة التلف غير قابل للإعارة المكتبة الرئيسية المكتبة الحالية موقع الرف تاريخ التزويد الرقم المتسلسل Total Checkouts رقم الإستدعاء الباركود تاريخ آخر ظهور تاريخ الفاتورة نوع المادة (كوها)
    Dewey Decimal Classification     المكتبة المركزية المكتبة المركزية الإعارة 28/07/2025 1161237   306.8/شاذ 1161237 28/07/2025 28/07/2025 كتب
    Dewey Decimal Classification     مكتبة الأميرة ايمان العامة مكتبة الأميرة ايمان العامة الإعارة 28/07/2025 1161239   306.8/شاذ 1161239 28/07/2025 28/07/2025 كتب
    Dewey Decimal Classification     مكتبة صويلح العامة مكتبة صويلح العامة الإعارة 28/07/2025 1161240   306.8/شاذ 1161240 28/07/2025 28/07/2025 كتب
    Dewey Decimal Classification     مكتبة مرج الحمام مكتبة مرج الحمام الإعارة 28/07/2025 1161245   306.8/شاذ 1161245 28/07/2025 28/07/2025 كتب
    Dewey Decimal Classification     مكتبة ومركز فرح مكتبة ومركز فرح الإعارة 18/05/2009 1278313   306.8/شاذ PLD00092717 28/07/2025 18/05/2009 كتب
Implemented & Customized by: BBB with SCIT (Smart Chains for Information Technology)

Powered by Koha